LIEČENIE KARDIORESPIRATÓRNEJ SYNKOPY POČAS OPERÁCIE (RESUSCITÁCIA)

Bibliographic Details
Main Authors: Stefanics, Ján (Author), Marton, Juraj (Author)
Format: Article
Language:Slovak

MARC

LEADER 00000nab a2200000ua 4500
001 vtls010770690
003 SK-MaSNL
005 20260303123353.0
008 230214s1953 xo |||||||||||||||||slo|
035 |a (urnnbn)urn:nbn:sk:snk:ar-a03chr 
035 |a (uuid)c4bcbbf4-bdb2-44ea-a38e-32b0d44af568 
035 |a urn:nbn:sk:snk-ab5781 
040 |a SNKBUCL  |b slo  |c SNKBUCL  |e AACR2 
041 0 |a slo 
044 |a xo  |c SK 
100 1 |a Stefanics, Ján  |4 aut  |9 1139120 
245 1 0 |a LIEČENIE KARDIORESPIRATÓRNEJ SYNKOPY POČAS OPERÁCIE  |b (RESUSCITÁCIA)  |c Ján Stefanics, Juraj Marton 
700 1 |a Marton, Juraj  |4 aut  |9 928180 
773 0 |t Bratislavské lekárske listy  |g Roč. 33, č. 11 (1953), s. 1015-[1023] 
954 |a odborná, vedecká literatúra pôvodná (slovenská)  |2 lita 
958 |a OND 
958 |a EUIPO 
958 |a article3 
999 |c 1925488  |d 1927418